[Event "FSIMB February"]
[Site "Budapest HUN"]
[Date "2000.02.15"]
[Round "11"]
[White "Wong Zi Jing"]
[Black "Karatorossian,D"]
[Result "1/2-1/2"]
[WhiteElo "2324"]
[BlackElo "2345"]

1.e4 e6 2.d4 d5 3.Nc3 Bb4 4.e5 b6 5.a3 Bxc3+ 6.bxc3 Qd7 7.Qg4 f5 8.Qg3 Ba6
9.Bxa6 Nxa6 10.a4 Nb8 11.Ne2 Nc6 12.Nf4 O-O-O 13.O-O Na5 14.Ba3 g6 15.Bb4 Nc4
16.a5 Ne7 17.Bxe7 Qxe7 18.Nd3 Kb7 19.Rfb1 Ka8 20.Rb4 bxa5 21.Rba4 c6 22.Nc5 Rb8
23.Nb3 Rb5 24.h3 Rhb8 25.Kh2 g5 26.Nxa5 Nxa5 27.Rxa5 Rxa5 28.Rxa5 Rb5 29.Ra4 Rb2
30.Qd3 h5 31.c4 Qb7 32.Qa3 Rxc2 33.Qf8+ Qb8 34.Rxa7+ Kxa7 35.Qa3+ Kb7 36.Qb3+ Kc7
37.Qxc2 dxc4 38.Qxc4 Kd7 39.Qc5 h4 40.Qa3 Qc8 41.Qd6+ Ke8 42.Qa3 Qd8 43.Qa7 g4
44.Qa2 Kf7 45.hxg4 Qxd4 46.gxf5 Qxe5+ 47.Kh3 Qxf5+ 48.Kxh4 c5 49.g4 Qh7+
50.Kg5 Qg7+ 51.Kh5 Qh8+ 52.Kg5 Qe5+ 53.Kh4 Kg6 54.Kh3 Qd4  1/2-1/2

[Event "Open"]
[Site "Cannes FRA"]
[Date "2000.02.20"]
[Round "1"]
[White "Smith,AP"]
[Black "Heyman,J"]
[Result "1-0"]
[WhiteElo "2231"]
[BlackElo "2071"]

1.e4 e6 2.d4 d5 3.Nc3 Bb4 4.e5 Ne7 5.a3 Bxc3+ 6.bxc3 c5 7.Qg4 Kf8 8.a4 b6
9.Nf3 Ba6 10.Bxa6 Nxa6 11.O-O h6 12.dxc5 bxc5 13.c4 d4 14.Bd2 Rb8 15.Rab1 Qc7
16.Rb5 Rxb5 17.axb5 Nb8 18.Qe4 Kg8 19.Ra1 Nc8 20.c3 dxc3 21.Bxc3 g6 22.h4 Kg7
23.Rd1 Ne7 24.Qf4 Nd7 25.Nd2 Rf8 26.Ne4 Ng8 27.Nf6 Nb6 28.Rd3 Ne7 29.Nd5 Nbxd5
30.cxd5 Qd7 31.d6 Ng8 32.Qc4 Rc8 33.Ba5 f6 34.exf6+ Nxf6 35.Bc3 Rf8 36.Qxc5 Rf7
37.Rf3 Qd8 38.Rxf6 Rxf6 39.Qc7+  1-0

[Event "Open"]
[Site "Cannes FRA"]
[Date "2000.02.24"]
[Round "5"]
[White "Lagunes,J"]
[Black "Heyman,J"]
[Result "1-0"]
[WhiteElo "2157"]
[BlackElo "2071"]

1.e4 e6 2.d4 d5 3.Nc3 Bb4 4.e5 Ne7 5.a3 Bxc3+ 6.bxc3 c5 7.Qg4 Kf8 8.h4 Qa5
9.Bd2 Qa4 10.Rh3 Nbc6 11.h5 h6 12.Qf4 Ke8 13.dxc5 Qxc2 14.Bd3 Qb2 15.Rb1 Qxa3
16.Ne2 Nf5 17.Rf3 Rf8 18.g4 Nfe7 19.g5 hxg5 20.Qxg5 Nf5 21.Bxf5 exf5 22.Qxg7 d4
23.Bh6 dxc3 24.Qxf8+  1-0

[Event "3rd Open"]
[Site "Malaga ESP"]
[Date "2000.03.04"]
[Round "9"]
[White "Herrera,I"]
[Black "Moskalenko,V"]
[Result "0-1"]
[WhiteElo "2472"]
[BlackElo "2518"]

1.e4 e6 2.d4 d5 3.Nc3 Bb4 4.e5 Ne7 5.a3 Bxc3+ 6.bxc3 b6 7.Qg4 Kf8 8.Nf3 Ba6
9.Bd3 Bxd3 10.cxd3 c5 11.O-O cxd4 12.Nxd4 Nbc6 13.a4 h5 14.Qf4 Nxd4 15.Qxd4 Nf5
16.Qb4+ Kg8 17.h3 Rc8 18.Bd2 Qc7 19.Rfe1 Qc5 20.Reb1 Qxb4 21.Rxb4 Ne7 22.f4 Nc6
23.Rb5 Kh7 24.Re1 Kg6 25.Kf2 h4 26.Rg1 f6 27.d4 f5 28.g4 hxg3+ 29.Rxg3+ Kf7
30.Rb1 Rc7 31.Re1 Na5 32.Rb1 Nb7 33.Ra1  0-1

[Event "Oz.com qualifier blitz"]
[Site "Internet ICC"]
[Date "2000.03.05"]
[Round "1"]
[White "Vasquez,R"]
[Black "Guglielmi,R"]
[Result "1-0"]
[WhiteElo "2445"]
[BlackElo "2195"]

1.e4 e6 2.d4 d5 3.Nc3 Bb4 4.e5 Ne7 5.a3 Bxc3+ 6.bxc3 c5 7.Nf3 Nbc6 8.a4 b6
9.Bd3 c4 10.Be2 Bd7 11.O-O h6 12.h4 Qc7 13.g3 O-O-O 14.Kg2 Rdf8 15.Ba3 f6
16.Bd6 Qd8 17.a5 b5 18.a6 Rf7 19.Qb1 Nb8 20.Qb4 Nf5 21.Bc5 Bc6 22.h5 Qd7
23.Qb1 Qc7 24.g4 Ne7 25.Bd6 Qb6 26.Bc5 Qc7 27.Qc1 Nd7 28.Bd6 Qb6 29.Qe3 fxe5
30.Nxe5 Nxe5 31.Bxe5 Rhf8 32.f3 Bd7 33.Bg3 g6 34.Qxh6 gxh5 35.Qxh5 Nc6 36.Qh6 Rf6
37.Qe3 e5 38.Rfd1 exd4 39.cxd4 Re6 40.Qf2 Rfe8 41.Bf1 b4 42.Kg1 c3 43.Rab1 Re3
44.Bf4 R3e7 45.Bd6 Rf7 46.Bc5 Qc7 47.Bh3 Rh7 48.Kg2 Reh8 49.Rh1 Qa5 50.Qe2 Re8
51.Qd3 Rhh8 52.Rhe1 Rxe1 53.Rxe1 b3 54.cxb3 Re8 55.Rc1 Qa2+ 56.Kg3 Re2 57.Qxc3 Rh2
58.Qe3 Qb2 59.Rg1 Kc7 60.Rg2 Rxg2+ 61.Bxg2 Qb1 62.f4 Qh7 63.f5 Qg8 64.Qf4+ Kc8
65.Qd6 Qe8 66.Qf8 Qxf8 67.Bxf8 Nxd4 68.Bxd5 Kc7 69.Bc5 Nb5 70.f6 Be8 71.f7 Bxf7
72.Bxf7 Kc6 73.Be8+ Kxc5 74.Bxb5 Kxb5 75.g5  1-0

[Event "Oz.com qualifier blitz"]
[Site "Internet ICC"]
[Date "2000.03.05"]
[Round "4"]
[White "Sabas,J"]
[Black "Plesset,K"]
[Result "1-0"]
[WhiteElo "2260"]
[BlackElo "2151"]

1.e4 e6 2.d4 d5 3.Nc3 Bb4 4.e5 Ne7 5.a3 Bxc3+ 6.bxc3 b6 7.Qg4 Ng6 8.h4 h5
9.Qg3 Ba6 10.Ne2 Rh7 11.Bg5 Qd7 12.a4 Nc6 13.Nf4 Bxf1 14.Rxf1 Nxf4 15.Qxf4 Na5
16.Qg3 Rh8 17.f4 g6 18.Bf6 Rg8 19.Kf2 Rc8 20.Kg1 c5 21.Rf2 Qc6 22.f5 exf5
23.Rxf5 cxd4 24.Rf3 Qe6 25.Bg5 Rxc3 26.Rxc3 dxc3 27.Qxc3 Qc6 28.Qf3 d4 29.Qf2 Qd5
30.Rd1 Nc6 31.Kh1 Kd7 32.e6+ Kxe6 33.Re1+ Kd7 34.Qe2 Kc8 35.Qa6+ Kd7 36.Qb7+ Kd6
37.Be7+ Nxe7 38.Qxe7+ Kc6 39.Qf6+ Kb7 40.Re7+ Ka6 41.Qf1+ d3 42.cxd3 Qd4
43.Re4 Qd5 44.d4+ Ka5 45.Re5  1-0

[Event "Oz.com qualifier blitz"]
[Site "Internet ICC"]
[Date "2000.03.05"]
[Round "6"]
[White "Pruess,D"]
[Black "Plesset,K"]
[Result "1-0"]
[WhiteElo "2228"]
[BlackElo "2151"]

1.e4 e6 2.d4 d5 3.Nc3 Bb4 4.e5 Ne7 5.a3 Bxc3+ 6.bxc3 b6 7.Qg4 Ng6 8.h4 h5
9.Qg3 Ba6 10.Bxa6 Nxa6 11.Nf3 Nb8 12.O-O Nc6 13.a4 Na5 14.Ng5 Qd7 15.f4 Ne7
16.Qd3 Nf5 17.Nf3 Rc8 18.Ba3 Nc4 19.a5 Nxa5 20.Bb4 Nc6 21.Ra6 Ra8 22.Rfa1 f6
23.Re1 Nb8 24.Raa1 a5 25.exf6 gxf6 26.Qxf5  1-0

[Event "Oz.com qualifier blitz"]
[Site "Internet ICC"]
[Date "2000.03.05"]
[Round "8"]
[White "Leiro Giralt,D"]
[Black "Bjarnason,S"]
[Result "1-0"]
[WhiteElo "2206"]
[BlackElo "2305"]

1.e4 e6 2.d4 d5 3.Nc3 Bb4 4.e5 Ne7 5.Bd2 b6 6.a3 Bxc3 7.Bxc3 Ba6 8.Bxa6 Nxa6
9.Ne2 Qd7 10.O-O Nb8 11.Qd3 c5 12.Bd2 Nbc6 13.dxc5 bxc5 14.f4 Rb8 15.b3 O-O
16.Rad1 a5 17.c4 Qb7 18.Rb1 Rfd8 19.Rfd1 Nf5 20.cxd5 Rxd5 21.Qc2 Rbd8 22.Bc3 Ncd4
23.Bxd4 cxd4 24.Rd3 Ne3 25.Qd2 Rxe5 26.Nxd4 Re4 27.Nf3 Rxd3 28.Qxd3 Qd5 29.Qxd5 Nxd5
30.g3 Re3 31.Kf2 Rc3 32.Nd4 Kf8 33.Rb2 Ke7 34.Rc2 Rxc2+ 35.Nxc2 Kd6 36.Ke2 Kc5
37.Kd3 f6 38.Ne3 Nb6 39.Kc3 h5 40.b4+ axb4+ 41.axb4+ Kb5 42.Kb3 g6 43.Kc3 Na4+
44.Kb3 Nb6 45.Nc2 e5 46.fxe5 fxe5 47.Ne3 Kc6 48.Nc4 Nd7 49.Kc3 Kd5 50.Kd3 e4+
51.Kc3 g5 52.b5 h4 53.g4 Nc5 54.b6 h3 55.Ne3+ Ke5 56.Kc4 Nb7 57.Nd5 Na5+
58.Kc5 e3 59.Nxe3 Kf4 60.Nc4 Nb7+ 61.Kc6 Nd8+ 62.Kc7 Ne6+ 63.Kd6 Nd8 64.Ne5 Ke3
65.Kd7 Nb7 66.Kc7 Na5 67.Nc4+ Nxc4 68.b7 Ne5 69.b8=Q Nxg4 70.Qb3+ Kf4 71.Qg3+ Kf5
72.Qf3+  1-0

[Event "Ciocaltea Mem"]
[Site "Bucharest ROM"]
[Date "2000.03.13"]
[Round "1"]
[White "Szabo,G ROM"]
[Black "Apicella,M"]
[Result "0-1"]
[WhiteElo "2399"]
[BlackElo "2509"]

1.e4 e6 2.d4 d5 3.Nc3 Bb4 4.e5 Ne7 5.a3 Bxc3+ 6.bxc3 c5 7.Qg4 O-O 8.Bd3 Nbc6
9.Qh5 Ng6 10.Nf3 Qc7 11.Be3 c4 12.Bxg6 fxg6 13.Qg4 Qf7 14.Ng5 Qe8 15.h4 h6
16.Nh3 Ne7 17.Nf4 Qf7 18.Qe2 Bd7 19.g4 Ba4 20.Rh3 a5 21.h5 g5 22.Ng2 b5 23.f4 gxf4
24.Nxf4 b4 25.Kd2 bxc3+ 26.Kxc3 Rab8 27.Rf3 Nc6 28.Rff1 Qb7 29.Rab1 Qxb1
30.Rxb1 Rxb1 31.Nxe6 Rff1 32.Nc5 Rbe1 33.Qd2 Na7  0-1

[Event "Dos Hermanas Qualifier"]
[Site "Internet ICC"]
[Date "2000.03.18"]
[Round "1.1"]
[White "Macieja,B"]
[Black "Gonzalez Rodriguez,JA"]
[Result "0-1"]
[WhiteElo "2538"]
[BlackElo "2312"]

1.e4 e6 2.d4 d5 3.Nc3 Bb4 4.e5 Qd7 5.a3 Bf8 6.h4 b6 7.h5 Ba6 8.Bxa6 Nxa6
9.Qd3 Nb8 10.h6 Nxh6 11.Bxh6 gxh6 12.Nce2 c5 13.c3 Nc6 14.b4 c4 15.Qf3 O-O-O
16.Nh3 Kb7 17.Nhf4 Ne7 18.Ng3 Ng6 19.Nfh5 Rc8 20.Nf6 Qa4 21.O-O Be7 22.Ng4 Rcf8
23.Nxh6 Nh4 24.Qh5 Qc2 25.Nxf7 Rhg8 26.Nd6+ Kb8 27.Rac1 Qg6 28.Qxg6 hxg6
29.Rce1 a6 30.f4 Kc7 31.Ne2 Bxd6 32.exd6+ Kxd6 33.Rf2 g5 34.fxg5 Rxf2 35.Kxf2 Rxg5
36.Nf4 e5 37.dxe5+ Rxe5 38.Rxe5 Kxe5 39.g3 Nf5 40.Kf3 d4 41.cxd4+ Kxd4 42.g4 Ng7
43.g5 Kc3 44.g6 Kb3 45.Ke4 Kxa3 46.Nd5 a5 47.bxa5 bxa5 48.Ne3 c3 49.Kd3 Kb3
50.Nc2 a4 51.Nd4+ Kb2 52.Nc2 Nf5 53.Ke4 Ne7 54.Kd3 Nxg6 55.Ne3 Ne5+ 56.Kd4 c2
57.Nxc2 Kxc2 58.Kxe5 a3  0-1

[Event "55th ch-YUG"]
[Site "Subotica YUG"]
[Date "2000.03.22"]
[Round "6"]
[White "Perunovic,Mil"]
[Black "Drasko,M"]
[Result "1/2-1/2"]
[WhiteElo "2384"]
[BlackElo "2520"]

1.e4 e6 2.d4 d5 3.Nc3 Bb4 4.e5 Ne7 5.a3 Bxc3+ 6.bxc3 c5 7.Qg4 O-O 8.Bd3 Nbc6
9.Qh5 Ng6 10.Nf3 Qc7 11.Be3 Nce7 12.O-O c4 13.Bxg6 fxg6 14.Qg4 Bd7 15.Bg5 Nf5
16.Nh4 Ba4 17.Ra2 Qf7 18.Qh3 h6 19.Nxf5 gxf5 20.Bf4 Kh7 21.g3 Qg6 22.f3 Rac8
23.Rb1 Rf7 24.Rb4 b5 25.Rb1 Kh8 26.Rf1 Re8 27.Rf2 Ref8 28.Qf1 Qh5 29.h4 Kg8
30.Rh2 Rb7 31.Qe2 a5 32.Kg2 Qe8 33.Qd2 Qc6 34.Qe1 b4 35.axb4 axb4 36.cxb4 c3
37.Ra3 Rc8 38.Qb1 Qb5 39.Qa1 Bxc2 40.Rxc3 Rbc7 41.Rxc7 Rxc7 42.Kh3 Qxb4 43.Qa6 Kf7
44.Qd6 Qb7 45.Bc1 Bd1 46.Ba3 Bxf3 47.Rb2 Qc8 48.Bc5 Rd7 49.Rb8 Rxd6 50.Rxc8 Ra6
51.Rc7+ Kg6 52.Ra7 Rxa7 53.Bxa7 Kh5 54.Bc5 Be4 55.Bf8 g6 56.Be7 Bf3 57.Bf6 Be2
58.Bg7 Bf1+ 59.Kh2 g5 60.hxg5 hxg5  1/2-1/2

[Event "55th ch-YUG"]
[Site "Subotica YUG"]
[Date "2000.03.27"]
[Round "10"]
[White "Sedlak,N"]
[Black "Drasko,M"]
[Result "1/2-1/2"]
[WhiteElo "2323"]
[BlackElo "2520"]

1.e4 e6 2.d4 d5 3.Nc3 Bb4 4.e5 Ne7 5.a3 Bxc3+ 6.bxc3 c5 7.h4 Qc7 8.Rh3 Nbc6
9.h5 h6 10.Ne2 Bd7 11.f4 f6 12.a4 b6 13.Kf2 Na5 14.Kg1 Nc4 15.Ng3 f5 16.Bd3 O-O
17.Nf1 cxd4 18.cxd4 b5 19.axb5 Bxb5 20.Nd2 Nxd2 21.Qxd2 Bxd3 22.Rxd3 Rfc8
23.Ba3 Nc6 24.Bd6 Qf7 25.Rh3 a5 26.Qd1 Nd8 27.Qd2 Nb7 28.Ba3 Rc4 29.Rb1 Rac8
30.Rb2 a4 31.Bb4 Qc7 32.Ra3 Qc6 33.c3 Ra8 34.Qd1 Qe8 35.Rba2 Nd8 36.Rxa4 Rxa4
37.Qxa4 Qxa4 38.Rxa4 Nc6 39.Ra8+ Kh7 40.Bc5 Rxc3 41.Ra6 Nd8 42.Rb6 Rc2 43.Kh2 Rc3
44.Rb8 Nc6 45.Rb7 Rc4 46.Bf8 Nxd4 47.Rxg7+ Kh8 48.Rg6 Ne2 49.Rxe6 Nxf4 50.Rxh6+ Kg8
51.Bd6 Kg7 52.Rf6 Nxh5 53.Rxf5 Rh4+ 54.Kg1 Rh1+ 55.Kf2 Rf1+ 56.Kxf1 Ng3+
57.Kf2 Nxf5 58.Bc5 Kf7 59.g4 Ke6  1/2-1/2

[Event "AB Puchko Mem"]
[Site "Alushta UKR"]
[Date "2000.03.28"]
[Round "10"]
[White "Kuzmin,G"]
[Black "Kononenko,T"]
[Result "1/2-1/2"]
[WhiteElo "2466"]
[BlackElo "2374"]

1.e4 e6 2.d4 d5 3.Nc3 Bb4 4.e5 Ne7 5.Qg4 Kf8 6.Bd3 c5 7.dxc5 Nbc6 8.Nf3 Bxc3+
9.bxc3 Qa5 10.O-O Qxc3 11.Bd2 Qxc5 12.Rab1 Nf5 13.Rfe1 h6 14.Rb5 Qe7 15.Qa4 Kg8
16.h4 Rb8 17.Bb4 Nxb4 18.Rxb4 b6 19.g4 Bd7 20.Qa3 Nxh4 21.Nxh4 Qxh4 22.Qxa7 Rd8
23.Qxb6 h5 24.Kf1 Rc8 25.Qd4 hxg4 26.Qxg4 Qxg4 27.Rxg4 Rh1+ 28.Ke2 Rxe1+
29.Kxe1 Ra8 30.Rb4 Kf8 31.Rb2 f6 32.f4 Ra4 33.Rb7 Bc6 34.Rc7 Ba8 35.Bg6 Rc4
36.Rxc4 dxc4 37.Kd2 Ke7 38.Kc3 Kd7 39.a4 Bc6 40.Kb4 fxe5 41.fxe5 Kc7 42.a5 Bd5
43.Kb5 Kb7 44.c3 Kc7 45.a6 Bf3 46.Kxc4 Be2+ 47.Kc5 Bxa6 48.c4 Bc8  1/2-1/2

[Event "AUT Staatsliga Qualifier"]
[Site "Linz AUT"]
[Date "2000.04.01"]
[Round "2"]
[White "Schmittdiel,E"]
[Black "Uhlmann,W"]
[Result "1/2-1/2"]
[WhiteElo "2490"]
[BlackElo "2482"]

1.e4 e6 2.d4 d5 3.Nc3 Bb4 4.e5 Ne7 5.a3 Bxc3+ 6.bxc3 c5 7.Nf3 Bd7 8.a4 Qa5
9.Bd2 Nbc6 10.Bb5 c4 11.O-O f6 12.Re1 O-O-O 13.Qc1 Rde8 14.Qa3 Ng6 15.Qc5 Kb8
16.Rab1 Qc7 17.a5 Nd8 18.Bxd7 Qxd7 19.Rb2 Qc7 20.Qb4  1/2-1/2

[Event "Open"]
[Site "Bad Wildbad GER"]
[Date "2000.04.02"]
[Round "3"]
[White "Lanka,Z"]
[Black "Kappler,JM"]
[Result "1-0"]
[WhiteElo "2503"]
[BlackElo "2248"]

1.e4 e6 2.d4 d5 3.Nc3 Bb4 4.e5 b6 5.a3 Bf8 6.Nf3 Qd7 7.Bb5 c6 8.Ba4 a5 9.Ne2 Ba6
10.c3 h6 11.h4 Bb5 12.Bc2 a4 13.h5 c5 14.Be3 Nc6 15.Nd2 Na5 16.f4 O-O-O 17.g4 Qc6
18.Bf2 f6 19.Nf3 Nc4 20.Qc1 Be7 21.Nh4 fxe5 22.Ng6 exf4 23.Nxh8 f3 24.Nf4 Bg5
25.Nf7 Re8 26.Nxg5 hxg5 27.Ng6 Nf6 28.Qxg5  1-0

[Event "Val Zemitis IM"]
[Site "San Francisco USA"]
[Date "2000.04.13"]
[Round "8"]
[White "Pruess,D"]
[Black "Altounian,L"]
[Result "1/2-1/2"]
[WhiteElo "2228"]
[BlackElo "2438"]

1.e4 e6 2.d4 d5 3.Nc3 Bb4 4.e5 b6 5.Bb5+ c6 6.Ba4 a5 7.a3 Bxc3+ 8.bxc3 b5
9.Bb3 a4 10.Ba2 Ne7 11.h4 c5 12.h5 c4 13.Qg4 Rg8 14.h6 Nf5 15.Nf3 Nd7 16.hxg7 Rxg7
17.Qh3 Qa5 18.Bd2 Nf8 19.O-O-O Bb7 20.Kb2 O-O-O 21.Bg5 Rd7 22.g4 Ne7 23.Bh6 Rg8
24.Bxf8 Rxf8 25.Ng5 Qd8 26.Nxh7 Rh8 27.Qe3 Ng6 28.Nf6 Rc7 29.Rh5 Kb8 30.Rdh1 Rc8
31.Qg5 Ka7 32.f4 Rf8 33.Rh7 Rc7 34.Rg7 Rh8 35.Rxh8 Qxh8 36.Nh5 Bc8 37.Qf6 Qe8
38.Qxg6 fxg6 39.Rxc7+ Kb8 40.Nf6 Qh8 41.Rh7 Qf8 42.Bb1 Ka8 43.Rc7 Qh8 44.Rc5 Ka7
45.Rxb5 Qh6 46.Ra5+ Kb6 47.Rxa4 Qxf4 48.Rb4+ Ka7 49.a4 Qh6 50.a5 Qf8 51.Rb6 g5
52.Rd6 Qe7 53.Ka3 Qc7 54.Kb4 Qb7+ 55.Rb6 Qe7+ 56.Rd6 Qf8 57.Ka4 Qh8 58.Ka3 Qf8
59.Ka4 Qg7 60.Kb4 Qc7  1/2-1/2

[Event "Schloss Open"]
[Site "Werther GER"]
[Date "2000.04.16"]
[Round "5"]
[White "Schuh,D"]
[Black "Peric,Sl"]
[Result "1/2-1/2"]
[WhiteElo "2108"]
[BlackElo "2357"]

1.e4 e6 2.d4 d5 3.Nc3 Bb4 4.e5 Qd7 5.Qg4 f5 6.Qg3 b6 7.Bd2 Ba6 8.Bxa6 Nxa6
9.Nge2 O-O-O 10.Qd3 Kb7 11.Nd1 Bxd2+ 12.Qxd2 Ne7 13.c3 c5 14.h4 Nc6 15.Ne3 cxd4
16.cxd4 Rc8 17.Rh3 Na5 18.b3 Rc7 19.Nd1 Rhc8 20.Rc3 Qe7 21.g3 g6 22.Rac1 Rxc3
23.Ndxc3 Nc7 24.Nf4 Nc6 25.Nce2 Qa3 26.Nc3 Qb4 27.Nfe2 h6 28.Nd1 g5 29.Ne3 Qe7
30.hxg5 hxg5 31.Nf1 Nb5 32.Kd1 Qb4 33.Qxb4 Nxb4 34.Rxc8 Kxc8 35.a4 Nc7 36.Kd2 Nc6
37.Ne3 g4 38.Kc3 a5 39.Nf4 Kd7 40.Nd3 Nd8 41.b4 axb4+ 42.Kxb4 Kc6 43.Nc2 Nf7
44.Kc3 Ng5 45.Kb3 Ne4 46.Ncb4+ Kd7 47.Nc2 Na6 48.Ka3 Nb8 49.Ncb4 Kc7 50.Kb2 Nd7
51.Nc2 Nf8 52.Ne3 Nh7 53.Ng2 Nhg5 54.Ngf4 Kd7 55.Ka3 Nh3 56.Kb4 Ng1 57.Kb5 Nc3+
58.Kxb6 Nxa4+ 59.Ka5 Nc3 60.Nc5+ Kc6 61.Ncxe6 Nge2 62.Kb4 Kb6 63.Kb3 Kb5
64.Kc2 Kc4 65.Kd2 Nxd4 66.Nxd4 Kxd4 67.e6 Ne4+ 68.Ke2 Nf6 69.Kd2 Ke4 70.Ke2 d4
71.Nd3 Kd5 72.Nf4+ Kc4 73.Kd2 Ne4+ 74.Kc1 Nd6 75.Kc2 Ne8 76.Kd2 Nf6 77.Kc2 Ne8
78.e7 Nd6 79.Kd1 Ne8 80.Ke2 Nc7 81.Kd2 Kc5 82.Kd3 Kd6  1/2-1/2

[Event "12th Open"]
[Site "Lenk SUI"]
[Date "2000.04.22"]
[Round "4"]
[White "Groszpeter,A"]
[Black "Kelecevic,N"]
[Result "1-0"]
[WhiteElo "2470"]
[BlackElo "2430"]

1.e4 e6 2.d4 d5 3.Nc3 Bb4 4.e5 Ne7 5.a3 Bxc3+ 6.bxc3 b6 7.Qg4 Ng6 8.h4 h5
9.Qd1 Ba6 10.Bxa6 Nxa6 11.Bg5 Qd7 12.Ne2 Qc6 13.O-O Ne7 14.Bxe7 Kxe7 15.a4 Nb8
16.Qd2 Kf8 17.a5 Kg8 18.Rfe1 Nd7 19.Nf4 Nf8 20.Re3 Ng6 21.Nxg6 fxg6 22.Qd3 Rh6
23.Qa6 Rf8 24.Rg3 Qc4 25.Qxc4 dxc4 26.axb6 axb6 27.Ra4 Rf4 28.Rxc4 c5 29.Ra4 Rxh4
30.Ra8+ Kh7 31.d5  1-0

[Event "Open"]
[Site "Dubai UAE"]
[Date "2000.05.07"]
[Round "9"]
[White "Kaiumov,D"]
[Black "Mamedova,R"]
[Result "1-0"]
[WhiteElo "2475"]
[BlackElo "2323"]

1.e4 e6 2.d4 d5 3.Nc3 Bb4 4.e5 Ne7 5.a3 Bxc3+ 6.bxc3 b6 7.Qg4 Kf8 8.a4 Ba6
9.Bd3 Bxd3 10.cxd3 Nd7 11.Ne2 c5 12.Nf4 Nf5 13.Be3 Qh4 14.Qf3 cxd4 15.cxd4 Nxe3
16.Qxe3 Rc8 17.Rc1 Ke7 18.g3 Qh6 19.O-O g5 20.Nh3 Rhg8 21.Rxc8 Rxc8 22.Nxg5 Qg6
23.Nh3 Rc3 24.Nf4 Qg8 25.h4 Ra3 26.Rc1 Rxa4 27.Kg2 a5 28.Rc7 Qb8 29.Nxd5+ exd5
30.Qg5+  1-0

[Event "ch-EST"]
[Site "Tallinn EST"]
[Date "2000.05.07"]
[Round "9"]
[White "Rytshagov,M"]
[Black "Kiik,K"]
[Result "1-0"]
[WhiteElo "2542"]
[BlackElo "2445"]

1.e4 e6 2.d4 d5 3.Nc3 Bb4 4.e5 b6 5.a3 Bf8 6.Nf3 Ba6 7.Bxa6 Nxa6 8.Qd3 Nb8
9.Ne2 Qd7 10.O-O Ne7 11.Ng3 h5 12.Bg5 Ng6 13.c4 c6 14.Rac1 h4 15.Ne2 dxc4
16.Qxc4 Be7 17.h3 b5 18.Qc2 Rh5 19.Bxe7 Nxe7 20.Qe4 Nf5 21.Rc5 a6 22.Rfc1 Ra7
23.Nf4 Rh6 24.d5 exd5 25.Nxd5 Ne7 26.Nxe7 Qxe7 27.Nd4 Rg6 28.e6 Kf8 29.Re5 Qd6
30.Re1  1-0

[Event "Capablanca Mem Premier II"]
[Site "Varadero CUB"]
[Date "2000.05.09"]
[Round "3"]
[White "Leyva,R"]
[Black "Pecorelli Garcia,H"]
[Result "1-0"]
[WhiteElo "2415"]
[BlackElo "2412"]

1.e4 e6 2.d4 d5 3.Nc3 Bb4 4.e5 Ne7 5.a3 Bxc3+ 6.bxc3 c5 7.h4 Nd7 8.h5 O-O
9.h6 g6 10.Nf3 f6 11.exf6 Nxf6 12.Bd3 c4 13.Be2 Ne4 14.O-O Nxc3 15.Qe1 Nb5
16.a4 Nd6 17.Bd1 Nc6 18.Bg5 Qc7 19.Ra3 Ne4 20.Bc1 Qb6 21.Re3 c3 22.Rxe4 dxe4
23.Qxe4 Qa5 24.Be2 Qxa4 25.Bd3 Qa2 26.Re1 Qd5 27.Qh4 Bd7 28.Ba3 Rf7 29.Re5 Qa2
30.Bd6 Raf8 31.Qg3 Rxf3 32.gxf3 Nxe5 33.Bxf8 Nxd3 34.Qb8 Kf7 35.Bd6  1-0

[Event "Capablanca Mem Premier II"]
[Site "Varadero CUB"]
[Date "2000.05.12"]
[Round "5"]
[White "Gonzalez,Y"]
[Black "Matamoros Franco,C"]
[Result "1/2-1/2"]
[WhiteElo "2421"]
[BlackElo "2492"]

1.e4 e6 2.d4 d5 3.Nc3 Bb4 4.e5 Ne7 5.a3 Bxc3+ 6.bxc3 c5 7.Nf3 b6 8.Bb5+ Bd7
9.Bd3 Ba4 10.h4 Qc7 11.Bd2 Qc6 12.Rb1 a6 13.Qc1 Nd7 14.h5 h6 15.Qb2 Bb5 16.O-O Bxd3
17.cxd3 O-O 18.Qc1 Kh7 19.Qc2 Kh8 20.Qc1 Kh7 21.Qc2 Kh8 22.Qc1  1/2-1/2

[Event "Capablanca Mem Premier II"]
[Site "Varadero CUB"]
[Date "2000.05.12"]
[Round "5"]
[White "Moreno,J"]
[Black "Pecorelli Garcia,H"]
[Result "1/2-1/2"]
[WhiteElo "2506"]
[BlackElo "2412"]

1.e4 e6 2.d4 d5 3.Nc3 Bb4 4.e5 Ne7 5.a3 Bxc3+ 6.bxc3 c5 7.Nf3 Nbc6 8.Bd3 c4
9.Be2 f6 10.exf6 gxf6 11.Nh4 Ng6 12.Bh5 Ne7 13.f4 Qa5 14.Bd2 Bd7 15.g4 O-O-O
16.Ng2 Kb8 17.O-O f5 18.g5 Nc8 19.h4 Nd6 20.Bf3 Ne7 21.Be1 Ne4 22.Qc1 Nc8
23.h5 Be8 24.Qe3  1/2-1/2

[Event "FSFM May"]
[Site "Budapest HUN"]
[Date "2000.05.16"]
[Round "11"]
[White "Dombai,I"]
[Black "Dudics,I"]
[Result "0-1"]
[WhiteElo "2128"]
[BlackElo "2051"]

1.e4 e6 2.d4 d5 3.Nc3 Bb4 4.e5 b6 5.Qg4 Bf8 6.Bd3 Ba6 7.Bg5 Qd7 8.O-O-O h6
9.Bh4 g5 10.Bg3 h5 11.Qe2 Bxd3 12.Rxd3 h4 13.Nh3 Bh6 14.Kb1 hxg3 15.Rxg3 Qe7
16.Qh5 Bg7 17.Qg4 Nh6 18.Qd1 Nf5 19.Rxg5 Rxh3 20.Rxf5 Rxc3  0-1

[Event "Capablanca Mem Premier II"]
[Site "Varadero CUB"]
[Date "2000.05.17"]
[Round "9"]
[White "Del Rio Angelis,S"]
[Black "Pecorelli Garcia,H"]
[Result "0-1"]
[WhiteElo "2463"]
[BlackElo "2412"]

1.e4 e6 2.d4 d5 3.Nc3 Bb4 4.e5 Ne7 5.a3 Bxc3+ 6.bxc3 c5 7.a4 Qa5 8.Qd2 Nbc6
9.Nf3 b6 10.Bb5 Ba6 11.Rb1 Rc8 12.dxc5 bxc5 13.c4 Bxb5 14.cxb5 Qb6 15.O-O O-O
16.Qg5 Ng6 17.Bd2 Na5 18.h4 Nc4 19.h5 h6 20.Qg3 Nxd2 21.Nxd2 Ne7 22.Qc3 d4
23.Qa3 Nd5 24.Nc4 Qc7 25.Rfe1 Rb8 26.Rb3 a6 27.bxa6 Rxb3 28.Qxb3 Rb8 29.Qf3 Rb4
30.Nd6 c4 31.Qg4 Qa7 32.Re4 d3 33.cxd3 Rb1+ 34.Kh2 Qxf2 35.Qf3 Qg1+ 36.Kg3 Rf1
37.Qg4 Qf2+ 38.Kh2 Ne3 39.Qh3 Qe1  0-1

[Event "ch-IND"]
[Site "Mumbai IND"]
[Date "2000.05.26"]
[Round "10"]
[White "Saravanan,V"]
[Black "Harikrishna,P"]
[Result "1/2-1/2"]
[WhiteElo "2412"]
[BlackElo "2354"]

1.e4 e6 2.d4 d5 3.Nc3 Bb4 4.e5 Ne7 5.a3 Bxc3+ 6.bxc3 c5 7.Nf3 Nbc6 8.a4 Qa5
9.Bd2 Bd7 10.Bb5 f6 11.Qe2 fxe5 12.Nxe5 Nxe5 13.Qxe5 Bxb5 14.c4 Qb6 15.cxb5 O-O
16.dxc5 Qxc5 17.Qxe6+ Kh8 18.O-O Nf5 19.Qd7 Qd4 20.Rad1 Qxa4 21.Qxb7 Nh4
22.Be3 Qxc2 23.Qxd5 Rae8 24.Rd2 Qg6 25.Qg5 Qf7 26.Bc5 Qf5 27.Rd5 Qxg5 28.Rxg5 Rf7
29.f3 Nf5 30.Ra1 h6 31.Rg4 Re5 32.Rxa7 Rxa7 33.Bxa7 Rxb5 34.h4 Kh7 35.Kh2 Ra5
36.Bf2 Rd5 37.Rc4 Rd2 38.Bc5 g5 39.hxg5 hxg5 40.Kh3 Rd1 41.Rb4 Rh1+ 42.Kg4 Ne3+
43.Kxg5 Nxg2 44.Rb2 Rc1 45.Bd6 Rc6 46.Rb7+ Kg8 47.Rd7 Rc3 48.Kh6 Rxf3 49.Rg7+ Kh8
50.Be5 Rh3+ 51.Kg6 Nf4+ 52.Kf5  1/2-1/2

[Event "Bank Pocztowy Open"]
[Site "Bydgoszcz POL"]
[Date "2000.05.30"]
[Round "3"]
[White "Struk,J"]
[Black "Ziolkowski,D"]
[Result "1-0"]
[WhiteElo "2268"]
[BlackElo "2169"]

1.e4 e6 2.d4 d5 3.Nc3 Bb4 4.e5 Ne7 5.a3 Bxc3+ 6.bxc3 c5 7.Qg4 Qc7 8.Bd3 cxd4
9.Ne2 dxc3 10.O-O Nbc6 11.f4 Bd7 12.Rb1 d4 13.a4 g6 14.Ba3 Nf5 15.Bxf5 exf5
16.Qh4 Be6 17.Rfd1 Rd8 18.Qf6 Rg8 19.Bd6 Qd7 20.Nxd4 Ba2 21.Ra1 Bc4 22.Nb5 Bxb5
23.axb5 Ne7 24.Rd3 Nc8 25.Bb4 Qc7 26.e6  1-0

[Event "FSIMA June"]
[Site "Budapest HUN"]
[Date "2000.06.12"]
[Round "10"]
[White "Rajlich,V"]
[Black "Cooke,E"]
[Result "1-0"]
[WhiteElo "2309"]
[BlackElo "2266"]

1.e4 e6 2.d4 d5 3.Nc3 Bb4 4.e5 Ne7 5.a3 Bxc3+ 6.bxc3 c5 7.Qg4 Qc7 8.Qxg7 Rg8
9.Qxh7 cxd4 10.Ne2 Nbc6 11.f4 Bd7 12.Qd3 dxc3 13.Nxc3 a6 14.Rb1 Na5 15.h4 Nf5
16.Rh3 O-O-O 17.h5 Nc4 18.Rb4 b5 19.Ne2 Qc5 20.c3 f6 21.exf6 e5 22.h6 e4
23.Rxc4 dxc4 24.Qxe4 Nd6 25.Qe5 Qc7 26.Rh5 Rde8 27.Qc5 Bc6 28.Re5 Nf7 29.h7 Rh8
30.Rxe8+ Rxe8 31.g4 Nd6 32.g5 Kb7 33.Be3 Be4 34.Qa7+ Kc8 35.Bh3+ Bf5 36.Bxf5+ Nxf5
37.Qxc7+ Kxc7 38.f7 Rh8 39.Bc5 Nd6 40.Bxd6+ Kxd6 41.g6 Ke7 42.g7  1-0

[Event "11th Open"]
[Site "Ljubljana SLO"]
[Date "2000.06.19"]
[Round "3"]
[White "Groselj,P"]
[Black "Kecic,S"]
[Result "0-1"]
[WhiteElo "2102"]
[BlackElo "2234"]

1.e4 e6 2.d4 d5 3.Nc3 Bb4 4.e5 b6 5.Qg4 Bf8 6.Bd3 c6 7.Nge2 Ba6 8.Bg5 Qd7
9.Bxa6 Nxa6 10.O-O Ne7 11.Ng3 h6 12.Bxe7 Qxe7 13.f4 g6 14.Qe2 Nc7 15.Rfd1 h5
16.Na4 Qd7 17.b3 b5 18.Nb2 h4 19.Nf1 c5 20.dxc5 Bxc5+ 21.Kh1 h3 22.Ne3 hxg2+
23.Kxg2 Bxe3 24.Qxe3 Qc6 25.Kg1 Qxc2 26.Rd2 Qc6 27.Nd3 Qb6 28.Qxb6 axb6 29.Rc1 Kd7
30.Rdc2 Rhc8 31.Rc6 Na6 32.Rxb6 Rxc1+ 33.Nxc1 b4 34.Rb7+ Kc6 35.Rxf7 Nc5
36.Rf6 d4 37.Rxg6 Kd5 38.Rg2 d3 39.Rd2 Ke4 40.Kf2 Rh8 41.Kg1 Ke3 42.Rf2 Ne4
43.Nxd3 Kxd3 44.Rg2 Ke3 45.Rg6 Kf3 46.Kh1 Rc8  0-1

[Event "Balatontourist Open"]
[Site "Budapest HUN"]
[Date "2000.06.20"]
[Round "5"]
[White "Bodrogi,L"]
[Black "Babos,E"]
[Result "1/2-1/2"]
[WhiteElo "2101"]
[BlackElo "2021"]

1.e4 e6 2.d4 d5 3.Nc3 Bb4 4.e5 b6 5.a3 Bf8 6.f4 Ba6 7.Bxa6 Nxa6 8.Nf3 Nh6
9.Qd3 Nb8 10.Bd2 c5 11.O-O-O Nc6 12.Be1 c4 13.Qe2 a6 14.Bh4 Qd7 15.g4 Nxg4
16.f5 Nh6 17.fxe6 fxe6 18.Ng5 Nf5 19.Bf2 O-O-O 20.Qg4 b5 21.Ne2 g6 22.Nf4 Bh6
23.Kb1 Bxg5 24.Qxg5 Rde8 25.h4 Qe7 26.Qg4 Rhg8 27.h5 Qf7 28.hxg6 hxg6 29.Rh3 Kb8
30.Rdh1 Rg7 31.c3 Reg8  1/2-1/2

[Event "XVIII Open"]
[Site "Andorra AND"]
[Date "2000.06.25"]
[Round "2"]
[White "Larsen,Ka"]
[Black "Giaccio,A"]
[Result "1/2-1/2"]
[WhiteElo "2294"]
[BlackElo "2508"]

1.e4 e6 2.d4 d5 3.Nc3 Bb4 4.e5 Qd7 5.a3 Bxc3+ 6.bxc3 b6 7.Qg4 f5 8.Qg3 Ba6
9.Bxa6 Nxa6 10.Ne2 Qf7 11.h4 Nb8 12.h5 h6 13.a4 Nc6 14.Nf4 Nge7 15.Ba3 Rg8
16.Bb4 a5 17.Ba3 g5 18.hxg6 Nxg6 19.Nh5 O-O-O 20.Qd3 Kb7 21.f4 Nge7 22.g3 Rg6
23.Kf2 Ng8 24.Rh3 Qd7 25.Qb5 Nb8 26.Rb1 Qxb5 27.Rxb5 Nd7 28.Rh1 Ka6 29.Rhb1 Rb8
30.R5b3 Rb7 31.Ke2 c6 32.Bd6 b5 33.Kd3  1/2-1/2